| 000 | 00687nam a22002057a 4500 | ||
|---|---|---|---|
| 999 |
_c3732 _d3732 |
||
| 003 | AR-CdUCM | ||
| 008 | 190307b ||||| |||| 00| 0 spa d | ||
| 040 |
_aMUNICIPALIDAD PROVINCIAL DEL CUSCO _cBIBLIOTECA MUNICIPAL DEL CUSCO |
||
| 082 |
_a869.26/ _bO52 |
||
| 100 |
_aO´neill, Eugenio _912075 |
||
| 245 | _aEl emperador Jones seguida por la pieza en un acto antes del desayuno / | ||
| 260 |
_aBuenos Aires : _bEdiciones Argengina Condor. |
||
| 300 |
_a158 páginas ; _c17 cm. |
||
| 505 | _aContenido: El emperador Jones -- Antes del desayuno. | ||
| 650 |
_aTeatro Estadounidense _912076 |
||
| 650 |
_aDrama _9560 |
||
| 650 |
_aJones _912077 |
||
| 942 |
_2ddc _cLIBROS |
||
| 945 | _adavv | ||